Complete the Card - WWE Judgment Day 2000 - Statistics

General Stats
  • This quiz has been taken 7 times
  • The average score is 18 of 19
Answer Stats
Answer % Correct
Bubba Ray Dudley
100%
Chris Benoit
100%
Chris Jericho
100%
Christian
100%
D-Von Dudley
100%
Eddie Guerrero
100%
Edge
100%
Grand Master Sexay
100%
Kurt Angle
100%
Perry Saturn
100%
Rikishi
100%
Scotty 2 Hotty
100%
Shane McMahon
100%
The Big Show
100%
The Rock
100%
Triple H
100%
Dean Malenko
75%
X-Pac
50%
Road Dogg
25%
No matching quizzes found
Score Distribution
Percent of People with Each Score
Percentile by Number Answered
Your Score History
You have not taken this quiz